000 00522nam a22002057a 4500
003 UA-OsUOA
001 64677
007 ta
008 20091106b un ||||| |||| 00| 0 ukr d
090 _a94(474.5)
942 _cBK
040 _aUA-OsUOA
_cUA-OsUOA
_dUA-OsUOA
245 _aLietuvos tsr valstybiniu arohyvu fondu trumpas zinynas
300 _a83 с.
955 _a2
080 _a94(474.5)
260 _aVilnus
_c1976
650 7 _a9 Географія. Біографії. Історія
_2UDC
999 _c350628
_d350628